000 00424nam a2200157Ia 4500
003 GCL
008 140319s9999 xx 000 0 ara d
040 _aGCL /
_cGCL
082 0 4 _aد
_b050
100 1 _aخليل الهنداوى
245 1 0 _aفرانزليست (اقرا 82 ) /
_cخليل الهنداوى
300 _a118
490 _aاقرأ
_v0
650 0 4 _aالموسيقيون المجريون
942 _2ddc
_cBK
999 _c49421
_d49421